000 00308 a2200121 4500
000 nam a22 7a 4500
005 20260217100051.0
020 _a9781683933489
100 _aSleasman brent C.
_91116068
245 _aSacred rhetoric: Discourses in identity and meaning
260 _c2024
942 _cTEXL
999 _c1679840
_d1679840